书目信息 |
| 题名: |
建筑制图
|
|
| 作者: | 何斌 , 陈锦昌 , 王枫红 主编 | |
| 分册: | ||
| 出版信息: | 北京 高等教育出版社 2014.03 |
|
| 页数: | 479页 | |
| 开本: | 20cm | |
| 丛书名: | ||
| 单 册: | ||
| 中图分类: | TU204-43 | |
| 科图分类: | ||
| 主题词: | 建筑设计 | |
| 电子资源: | ||
| ISBN: | 978-7-04-039087-2 | |
| 000 | 00685nam0 2200229 45 | |
| 001 | 2031927077 | |
| 005 | 20201104085319.13 | |
| 010 | @a978-7-04-039087-2@dRMB 52.00 | |
| 100 | @a20201104d2014 km y0chiy0120 ea | |
| 101 | 0 | @achi |
| 102 | @aCN@b110000 | |
| 200 | 1 | @a建筑制图@Ajian zhu zhi tu@f何斌, 陈锦昌, 王枫红主编@Fhe bin,chen jin chang,wang feng hong zhu bian |
| 205 | @a7版 | |
| 210 | @a北京@c高等教育出版社@d2014.03 | |
| 215 | @a479页@d20cm | |
| 606 | 0 | @a建筑设计 |
| 690 | @aTU204-43@v4 | |
| 701 | 0 | @a何斌@Ahe bin@4主编 |
| 701 | 0 | @a陈锦昌@Achen jin chang@4主编 |
| 701 | 0 | @a王枫红@Awang feng hong@4主编 |
| 801 | 0 | @aCN@bPFT@c20201104 |
| 905 | @a10447@dTU204-43@eH165=7 | |
| 建筑制图/何斌, 陈锦昌, 王枫红主编.-7版.-北京:高等教育出版社,2014.03 |
| 479页;20cm |
| ISBN 978-7-04-039087-2:RMB 52.00 |
| ● |
| 相关链接 |
|
|
|
正题名:建筑制图
索取号:TU204-43/H165=7
 
预约/预借
| 序号 | 登录号 | 条形码 | 馆藏地/架位号 | 状态 | 备注 |
| 1 | 1501431 | 215014311 | 建筑库101/101建筑库 110排4列2层/ [索取号:TU204-43/H165=7] | 在馆 |